[Event "ROM-ch U16 Girls"]
[Site "Baile Felix"]
[Date "2017.02.03"]
[Round "2"]
[White "Tuduran, Camelia Diana"]
[Black "Paraschiv, Petronela Alexandra"]
[Result "0-1"]
[WhiteElo "1471"]
[BlackElo "1762"]
[PlyCount "120"]
[EventDate "2017.02.02"]
[EventType "swiss"]
[EventRounds "9"]
[EventCountry "ROU"]
[SourceTitle "CBM 176 Extra"]
[Source "ChessBase"]
[SourceDate "2017.03.02"]
[SourceVersion "1"]
[SourceVersionDate "2017.03.02"]
[SourceQuality "1"]

1. d4 b6 2. g3 Bb7 3. Nf3 Nf6 4. c4 e6 5. Nc3 Be7 6. Bg2 0-0 7. 0-0 Ne4 8. Qc2 f5 9. Rd1 Nxc3 10. bxc3 d6 11. c5 d5 12. Rb1 Ba6 13. Rb2 bxc5 14. Qa4 Qc8 15. Bf4 c6 16. Bxb8 Bb5 17. Qa5 Rxb8 18. Qxa7 Rb7 19. Qa5 Qa8 20. Qxa8 Rxa8 21. Ne5 Rba7 22. Rdd2 Bd6 23. Nd3 cxd4 24. cxd4 Bc4 25. Nc1 Ba3 26. Rbc2 Bxc1 27. Rxc1 Rxa2 28. Rxa2 Rxa2 29. e3 Kf7 30. Bf1 Ra4 31. Kg2 Kf6 32. Rb1 e5 33. dxe5+ Kxe5 34. Rb7 Kf6 35. Rb6 Bxf1+ 36. Kxf1 Rc4 37. Ke2 h5 38. Kd3 g5 39. Rb8 Kg7 40. Re8 h4 41. Re7+ Kg6 42. Re6+ Kf7 43. Rh6 hxg3 44. fxg3 g4 45. Kd2 Ke7 46. Rg6 c5 47. Rc6 d4 48. exd4 Rxd4+ 49. Kc3 Rd5 50. Kc4 Re5 51. Rh6 Re6 52. Rh5 Re5 53. Rh6 Kf7 54. Rc6 Re2 55. Kd5 Rxh2 56. Ke5 Rf2 57. Rxc5 Kg6 58. Rc4 Kg5 59. Rc3 Rf3 60. Rc2 Rxg3 0-1

[Event "ROM-ch U14 Girls"]
[Site "Calimanesti"]
[Date "2015.04.06"]
[Round "9"]
[White "Mos, Maria Magdalena"]
[Black "Tuduran, Camelia Diana"]
[Result "1-0"]
[WhiteElo "1467"]
[BlackElo "1422"]
[PlyCount "111"]
[EventDate "2015.03.30"]
[EventType "swiss"]
[EventRounds "9"]
[EventCountry "ROU"]
[SourceTitle "CBM 165 Extra"]
[Source "ChessBase"]
[SourceDate "2015.04.21"]
[SourceVersion "1"]
[SourceVersionDate "2015.04.21"]
[SourceQuality "1"]

1. e4 c5 2. Nc3 Nc6 3. f4 g6 4. Nf3 Bg7 5. g3 e6 6. Bg2 Nge7 7. 0-0 0-0 8. d3 f5 9. Be3 b6 10. Bf2 Bb7 11. Rb1 e5 12. fxe5 Nxe5 13. Re1 f4 14. gxf4 Rxf4 15. Nxe5 Bxe5 16. Bg3 Bd4+ 17. Kh1 Rf7 18. Nb5 Bf2 19. Nd6 Bxe1 20. Nxb7 Qf8 21. Qxe1 Nc6 22. Nd6 Rf6 23. e5 Re6 24. Bd5 Nd4 25. Bxe6+ dxe6 26. Qd2 Rb8 27. Qg2 Qg7 28. Rf1 Nf5 29. Nxf5 gxf5 30. Bf4 Qg6 31. Qxg6+ hxg6 32. Rg1 Kf7 33. c3 Rd8 34. Rd1 Rd5 35. d4 Ke7 36. Rd2 cxd4 37. Rxd4 Rxd4 38. cxd4 Kd7 39. Kg2 Kc6 40. Kf3 Kd5 41. Be3 b5 42. b3 a5 43. Kf4 a4 44. Kg5 Ke4 45. Bg1 f4 46. Kxg6 f3 47. h4 Kd3 48. h5 Kc2 49. h6 a3 50. h7 Kb2 51. h8Q Kxa2 52. d5 Kxb3 53. dxe6 a2 54. Qa8 Kb2 55. Qxf3 a1Q 56. Bd4+ 1-0

[Event "ROM-ch U14 Girls"]
[Site "Calimanesti"]
[Date "2015.04.03"]
[Round "6"]
[White "Pirosca, Lavinia"]
[Black "Tuduran, Camelia Diana"]
[Result "0-1"]
[WhiteElo "1001"]
[BlackElo "1422"]
[PlyCount "62"]
[EventDate "2015.03.30"]
[EventType "swiss"]
[EventRounds "9"]
[EventCountry "ROU"]
[SourceTitle "CBM 165 Extra"]
[Source "ChessBase"]
[SourceDate "2015.04.21"]
[SourceVersion "1"]
[SourceVersionDate "2015.04.21"]
[SourceQuality "1"]

1. c4 g6 2. Nc3 Bg7 3. e4 c5 4. g3 Nc6 5. Bg2 d6 6. Nge2 e6 7. 0-0 Nge7 8. d3 0-0 9. Be3 h6 10. Rc1 a6 11. h3 Rb8 12. f4 b5 13. d4 cxd4 14. Nxd4 bxc4 15. Nxc6 Nxc6 16. Rc2 Nb4 17. Rd2 Nd3 18. b3 Bxc3 19. Ba7 Rb7 20. Be3 Bxd2 21. Bxd2 cxb3 22. axb3 Qb6+ 23. Be3 Qxe3+ 24. Kh2 Nb2 25. Qxd6 Rxb3 26. g4 Qg3+ 27. Kh1 Nc4 28. Rc1 Rb2 29. Rg1 Nxd6 30. e5 Bb7 31. Bxb7 Qh2# 0-1

[Event "ROM-ch U12 Girls"]
[Site "Calimanesti"]
[Date "2013.04.08"]
[Round "9"]
[White "Tuduran, Camelia Diana"]
[Black "Mihai, Doina Ileana"]
[Result "1-0"]
[WhiteElo "1195"]
[BlackElo "1040"]
[PlyCount "107"]
[EventDate "2013.04.02"]
[EventType "swiss"]
[EventRounds "9"]
[EventCountry "ROU"]
[SourceTitle "CBM 153 Extra"]
[Source "ChessBase"]
[SourceDate "2013.04.22"]
[SourceVersion "1"]
[SourceVersionDate "2013.04.22"]
[SourceQuality "1"]

1. e4 e5 2. Nf3 Nc6 3. Nc3 Nf6 4. Bb5 Bb4 5. 0-0 d6 6. d4 Bd7 7. d5 Ne7 8. Bxd7+ Qxd7 9. Ng5 Bxc3 10. bxc3 0-0 11. f4 h6 12. fxe5 dxe5 13. Nf3 Nxe4 14. Qd3 Qxd5 15. Qxd5 Nxd5 16. Nxe5 Ndxc3 17. Ba3 Rfe8 18. Nxf7 Re6 19. Bb2 Rf6 20. Rxf6 gxf6 21. Nxh6+ Kg7 22. Nf5+ Kg6 23. Nh4+ Kf7 24. Bxc3 Nxc3 25. a3 Rd8 26. Kf2 Rd2+ 27. Ke3 Rd5 28. Rf1 b5 29. Rf4 Rd1 30. Rd4 Ra1 31. Rd7+ Ke6 32. Rxc7 Rxa3 33. Kd4 b4 34. Rb7 a5 35. Ng6 Kf5 36. Nh4+ Ke6 37. g4 Ra2 38. Kd3 Nd5 39. Ng6 a4 40. h4 Ra3+ 41. Kd2 b3 42. cxb3 axb3 43. Kc1 Kd6 44. h5 Ne3 45. h6 Nc4 46. Kb1 Na5 47. Rb4 Ra2 48. h7 Kc5 49. Rxb3 Nxb3 50. Kxa2 Nd4 51. h8Q f5 52. gxf5 Nxf5 53. Qe5+ Kc4 54. Qxf5 1-0

[Event "ROM-ch U12 Girls"]
[Site "Calimanesti"]
[Date "2013.04.03"]
[Round "3"]
[White "Tuduran, Camelia Diana"]
[Black "Ercsei, Estera Alexandra"]
[Result "1-0"]
[WhiteElo "1195"]
[BlackElo "1154"]
[PlyCount "85"]
[EventDate "2013.04.02"]
[EventType "swiss"]
[EventRounds "9"]
[EventCountry "ROU"]
[SourceTitle "CBM 153 Extra"]
[Source "ChessBase"]
[SourceDate "2013.04.22"]
[SourceVersion "1"]
[SourceVersionDate "2013.04.22"]
[SourceQuality "1"]

1. e4 e5 2. Nf3 f5 3. Nc3 Nf6 4. d4 d6 5. Bg5 Be7 6. Qd3 0-0 7. 0-0-0 Nxe4 8. Bxe7 Qxe7 9. Nxe4 fxe4 10. Qxe4 Nd7 11. Bc4+ Kh8 12. h4 c6 13. d5 Nf6 14. Qd3 b5 15. Bb3 e4 16. Qe2 Bg4 17. Qe3 Rad8 18. Rde1 cxd5 19. Nd4 a6 20. Rhf1 Ra8 21. f3 Bd7 22. Qg5 h6 23. Qg6 Be8 24. Qf5 g6 25. Qf4 Nh5 26. Qxh6+ Kg8 27. Bxd5+ Bf7 28. Bxa8 Rxa8 29. Rxe4 Qc7 30. g4 Nf6 31. Re2 Bc4 32. Qxg6+ Qg7 33. Qxg7+ Kxg7 34. Re7+ Kf8 35. Rfe1 Bxa2 36. b3 Rc8 37. Kb2 Nd5 38. R7e6 Rd8 39. h5 Kg7 40. Nf5+ Kf8 41. Rg6 Rd7 42. Nxd6 Bxb3 43. Re8# 1-0